01391nam a2200229 a 450000100100000000500170001000800410002702000150006804000250008308200150010824500530012326000300017630000360020653400350024250500790027759000640035695201810042095201810060195201810078295201810096399900170114400003674720200930075919.0120127s1977 sp abc 000 0 spa d a8474040671 aDO-SdBNPbspacBNHPU axxxxbD44900aDescubre la ciencia /ctraductor Julio Lapuente. aMadrid, :bEdival,c1977. av. :bil. retrs. map. ;c26 cm. aChildrens picture encyclopedia20gv. 1tnuestro mundogv. 2tla cienciagv. 3tlos animalesgv. 4tlas cosas aPertenece a la coleccción Juan Isidro Jiménes Grullón 001050718MOaGRbGRcCTd2012-01-27iLF1l0ov. 1p36747-10r2020-06-25w2020-06-25y1zPerteneció a la biblioteca personal de Juan Isidro Jimenes Grullón.ZNo se presta 001050718MOaGRbGRcCTd2012-01-27iLF1l0ov. 2p36747-20r2020-06-25w2020-06-25y1zPerteneció a la biblioteca personal de Juan Isidro Jimenes Grullón.ZNo se presta 001050718MOaGRbGRcCTd2012-01-27iLF1l0ov. 3p36747-30r2020-06-25w2020-06-25y1zPerteneció a la biblioteca personal de Juan Isidro Jimenes Grullón.ZNo se presta 001050718MOaGRbGRcCTd2012-01-27iLF1l0ov. 4p36747-40r2020-06-25w2020-06-25y1zPerteneció a la biblioteca personal de Juan Isidro Jimenes Grullón.ZNo se presta c36238d36238